000 00767nam a2200289Ia 4500
001 34719
003 IT-RoPAU
008 130308s9999 xx 000 0 und d
040 _aIT-RoPAU
040 _cIT-RoPAU
041 _aINGLESE
100 _aPerkins V.F.
100 _gCodice Aut. SPICS: 18544
245 _aCinema of Nicholas Ray (The)
245 _bMovies And Methods-An Anthology
250 _a1a ed.
260 _aBERKELEY (USA)
260 _bUniversity Of California
260 _c1976 [1° Ed.:1976 - Ed.Ling.Originale:]
300 _a"12 p. (prefazione: no ; testo: 12 [pagine: 251-262])"
650 _aLINGUAGGIO CINEMATOGRAFICO
650 _eCodice materia Spics: 6804
942 _cBK
957 _71
999 _c51642
_d51642
999 _bSI
999 _g1